CEMİL MERİÇİN DÜNYASI (Record no. 800555)
[ view plain ]
| 000 -LEADER | |
|---|---|
| sabit uzunluktaki kontrol alanı | 00243nam a2200097Ia 4500 |
| 001 - KONTROL NUMARASI | |
| kontrol alanı | 800555 |
| 005 - EN SON İŞLEMİN TARİH VE ZAMANI | |
| kontrol alanı | 20250826171021.0 |
| 008 - SABİT-UZUNLUKTA VERİ ÖĞELERİ--GENEL BİLGİ | |
| sabit uzunluktaki kontrol alanı | 250824s9999 xx 000 0 und d |
| 245 #0 - ESER / YAZAR | |
| ESER ADI | CEMİL MERİÇİN DÜNYASI |
| Yazar Adı | MUSTAFA ARMAĞAN |
| 260 ## - YAYIN, DAĞITIM, VB. | |
| YAYIN EVİ | KETEBE |
No items available.